The electric lady.

Groundbreaking artist Janelle Monae continues to blur genres with the follow-up to the acclaimed 2010 album The ArchAndroid. The album includes the single Dance Apocalyptic.

Bibliographic Details
Other Authors: Monáe, Janelle (Performer), Prince (Performer), Badu, Erykah (Performer), Solange, 1986- (Performer), Miguel (Musician) (Performer), Spalding, Esperanza, 1984- (Performer)
Format: CD Audio
Language:English
Published: New York, NY : Bad Boy Records/wondaland, [2013]
Subjects:

MARC

Tag First Indicator Second Indicator Subfields
LEADER 00000cjm a2200000Ii 4500
001 in00003610521
005 20170928111346.0
007 sd fungnnmmneu
008 130803t20132013nyuppnn n eng d
019 |a 877910085 
020 |a 631516319X (CD) 
020 |a 9786315163197 (CD) 
024 7 |a 00075678684050  |2 gtin-14 
024 1 |a 075678684050 
028 0 2 |a 536210-2  |b Bad Boy Records/Wondaland 
033 0 |b 3924  |c A8  |b 4364  |c L8 
033 2 0 |a 2011---- 
033 2 0 |a 2013---- 
035 |a (OCoLC)ocn855048607 
035 |a (OCoLC)855048607  |z (OCoLC)877910085 
040 |a BTCTA  |b eng  |e rda  |c BTCTA  |d TEF  |d MR0  |d BKC  |d GK8  |d IXA  |d VP@  |d OCLCQ  |d HOT  |d LRU  |d OCLCF  |d WAU  |d OCL  |d AZZPT  |d OCLCO  |d OCLCQ  |d OCLCO  |d UtOrBLW 
049 |a TXAM 
050 4 |a M1630.18.M66  |b E44 2013 
082 0 4 |a 782.42164  |2 23 
090 |a M1630.18.M638  |b E44 2013 
245 0 4 |a The electric lady. 
246 1 |i Subtitle on container:  |a Suites IV and V 
264 1 |a New York, NY :  |b Bad Boy Records/wondaland,  |c [2013] 
264 2 |a New York, NY :  |b Distributed by Atlantic Recording Corporation 
264 4 |c ℗2013 
300 |a 1 audio disc (68 min.) ;  |c 4 3/4 in. 
336 |a performed music  |b prm  |2 rdacontent 
337 |a audio  |b s  |2 rdamedia 
338 |a audio disc  |b sd  |2 rdacarrier 
344 |a digital  |b optical  |2 rda 
347 |a audio file  |b CD audio  |2 rda 
511 0 |a Janelle Monáe ; with featured and assisting musicians. 
508 |a Produced by Nater Wonder, Chuck Lightnigh, Janelle Monaé and Roman GianArthur. 
518 |a Recorded at Wondaland Recording Studios, Atlanta, GA and EastWest Studios, Los Angeles, CA. 
500 |a Credits (1 folded sheet) inserted in container. 
505 0 0 |t Suite IV electric overture --  |t Givin em what they love  |r (feat. Prince) --  |t Q.U.E.E.N.  |r (feat. Erykah Badu) --  |t Electric lady  |r (feat. Solange) --  |t Good morning midnight (interlude) --  |t PrimeTime  |r (feat. Miguel) --  |t We were rock n' roll --  |t Chrome shoppe (interlude) --  |t Dance apocalyptic --  |t Look into my eyes --  |t Suite V electric overture --  |t It's code --  |t Ghetto woman --  |t Our favorite fugitive (interlude) --  |t Victory --  |t Can't live without your love --  |t Sally ride --  |t Dorothy Dandridge eyes  |r (feat. Esperanza Spalding) --  |t What an experience. 
520 |a Groundbreaking artist Janelle Monae continues to blur genres with the follow-up to the acclaimed 2010 album The ArchAndroid. The album includes the single Dance Apocalyptic. 
650 0 |a Rhythm and blues music.  |0 http://id.loc.gov/authorities/subjects/sh85113834 
650 0 |a Soul music.  |0 http://id.loc.gov/authorities/subjects/sh85125359 
650 0 |a Popular music  |y 2011-2020.  |0 http://id.loc.gov/authorities/subjects/sh2011002283 
650 7 |a Soul music.  |2 fast  |0 (OCoLC)fst01126930 
650 7 |a Popular music.  |2 fast  |0 (OCoLC)fst01071422 
650 7 |a Rhythm and blues music.  |2 fast  |0 (OCoLC)fst01097281 
648 7 |a 2011 - 2020  |2 fast 
655 7 |a Popular music  |y 2011-2020.  |2 lcgft 
655 7 |a Rhythm and blues music.  |2 lcgft  |0 http://id.loc.gov/authorities/genreForms/gf2014027052 
655 7 |a Soul music.  |2 lcgft  |0 http://id.loc.gov/authorities/genreForms/gf2014027106 
700 1 |a Monáe, Janelle,  |e performer.  |0 http://id.loc.gov/authorities/names/no2006100538 
700 0 |a Prince,  |e performer.  |0 http://id.loc.gov/authorities/names/n84079379 
700 1 |a Badu, Erykah,  |e performer.  |0 http://id.loc.gov/authorities/names/no97038149 
700 0 |a Solange,  |d 1986-  |e performer.  |0 http://id.loc.gov/authorities/names/no2002063832 
700 0 |a Miguel  |c (Musician),  |e performer.  |0 http://id.loc.gov/authorities/names/no2011002722 
700 1 |a Spalding, Esperanza,  |d 1984-  |e performer.  |0 http://id.loc.gov/authorities/names/no2008108181 
948 |a cataloged  |b h  |c 2016/2/9  |d c  |e ceaton  |f 11:41:45 am 
994 |a C0  |b TXA 
999 f f |s ab1cc4c8-fbdd-30d4-b415-73e6ffb23b3d  |i 66b40e77-4431-3453-9921-74288ac3167c  |t 0 
952 f f |p ric  |a Texas A&M University  |b Rellis Campus  |c Joint Library Facility  |d Remote Storage  |t 0  |e M1630.18.M638 E44 2013  |h Library of Congress classification  |i audio -- audio disc  |m A14843327785 
998 f f |a M1630.18.M638 E44 2013  |t 0  |l Remote Storage